Представление документа в формате RUSMARC

ПолеНазваниеЗначение
  Тип записи a
  Библиографический уровень c
001 Контрольный номер RuMoRGB-006670372
005 Дата корректировки 20260522125510.3
010 Индекс ISBN __
a ISBN 978-5-373-05360-0 (в пер.)
d Цена 272-80
100 Данные общей обработки __
a Данные общей обработки 19141008d2013||||||| 1rusy0189 ca
101 Язык документа 0_
a Язык текста rus
102 Страна публикации __
a Страна публикации ru|
105 Кодированные данные (монография) __
a Кодированные данные (монография) aс||zzzz000zy
200 Заглавие и сведения об ответственности 1_
a Заглавие Русские классические романсы
e Сведения, относящиеся к заглавию [12+]
f Первые сведения об ответственности [редактор и составитель С. Н. Абовская]
b Общее обозначение материала Текст
210 Выходные данные 1_
a Место издания Москва
c Издательство ОЛМА Медиа Групп
d Дата издания 2013
215 Физическое описание __
a Объем 221, [2] с.
c Иллюстрации/тип воспроизводства цв. ил., портр.
d Формат 25 см
225 Серия 2_
a Серия Шедевры мировой поэзии
300 Общие примечания __
a Общие примечания 4000 экз.
320 Библиография __
a Библиография Список ил.: с. 221
327 Примечание о содержании 0_
a Примечание о содержании Мой голос для тебя / слова А. Пушкина, музыка Н. Римского-Корсакова
327 Примечание о содержании 0_
a Примечание о содержании Звезды на небе / слова Е. Дитерикс, музыка Б. Борисова
327 Примечание о содержании 0_
a Примечание о содержании Я встретил вас / слова Ф. Тютчева, музыка С. Донаурова
327 Примечание о содержании 0_
a Примечание о содержании Затворница / слова Я. Полонского, музыка Н. Казанли
327 Примечание о содержании 0_
a Примечание о содержании Средь шумного бала / слова А. К. Толстого, музыка П. Чайковского
327 Примечание о содержании 0_
a Примечание о содержании Калитка / слова А. Будищева, музыка А. Обухова
327 Примечание о содержании 0_
a Примечание о содержании Не лукавьте! / слова и музыка А. Дюбюка
327 Примечание о содержании 0_
a Примечание о содержании Черная шаль / слова А. Пушкина, музыка А. Верстовского
327 Примечание о содержании 0_
a Примечание о содержании У зеркала / слова М. Цветаевой, музыка М. Таривердиева
327 Примечание о содержании 0_
a Примечание о содержании Темно-вишневая шаль / слова и музыка неизвестного автора
327 Примечание о содержании 0_
a Примечание о содержании Ямщик, не гони лошадей! / слова Н. Риттера, музыка Я. Фельдмана
327 Примечание о содержании 0_
a Примечание о содержании Вечерний звон / слова Т. Мура, музыка А. Алябьева
327 Примечание о содержании 0_
a Примечание о содержании На заре ты ее не буди / слова А. Фета, музыка А. Варламова
330 Аннотация __
a Аннотация Классические романсы как жанр получили широкое распространение в России в XIX веке. Стихи о любви и разлуке, о неразделенных чувствах и роковой страсти, о героях старинных преданий и красоте русской природы, сопровождаемые выразительными, запоминающимися мелодиями, сразу и навсегда покорили сердца публики. В сборнике представлены лучшие образца русских классических романсов, их тексты и музыка принадлежат как знаменитым поэтам и композиторам, так и неизвестным авторам из народа. Но эти слова и мелодии неизменно трогают наши сердца. "Я встретил вас", "Калитка", "Темно-вишневая шаль", "Черные очи", "Гори, гори, моя звезда" - перелистайте страницы этой книги, и в вашей душе вновь зазвучат чарующие мелодии русских романсов.
333 Примечание о целевом назначении __
a Примечание о целевом назначении 12+. Для детей старше 12 лет
517 Другие варианты заглавия 1_
a Другие варианты заглавия Мой голос для тебя
517 Другие варианты заглавия 1_
a Другие варианты заглавия Звезды на небе
517 Другие варианты заглавия 1_
a Другие варианты заглавия Я встретил вас
517 Другие варианты заглавия 1_
a Другие варианты заглавия Затворница
517 Другие варианты заглавия 1_
a Другие варианты заглавия Средь шумного бала
517 Другие варианты заглавия 1_
a Другие варианты заглавия Калитка
517 Другие варианты заглавия 1_
a Другие варианты заглавия Не лукавьте!
517 Другие варианты заглавия 1_
a Другие варианты заглавия Черная шаль
517 Другие варианты заглавия 1_
a Другие варианты заглавия У зеркала
517 Другие варианты заглавия 1_
a Другие варианты заглавия Темно-вишневая шаль
517 Другие варианты заглавия 1_
a Другие варианты заглавия Ямщик, не гони лошадей!
517 Другие варианты заглавия 1_
a Другие варианты заглавия Вечерний звон
517 Другие варианты заглавия 1_
a Другие варианты заглавия На заре ты ее не буди
606 Тематические рубрики __
a Основная рубрика Художественная литература
606 Тематические рубрики __
a Основная рубрика Русская литература в целом (произведения)
610 Ключевые слова 0_
a Ключевые слова классическая литература
a Ключевые слова лирика
a Ключевые слова поэзия
a Ключевые слова романсы
a Ключевые слова русская классическая литература
a Ключевые слова русская поэзия
a Ключевые слова русские романсы
a Ключевые слова стихи
a Ключевые слова стихотворения
a Ключевые слова тема любви
a Ключевые слова тема природы
a Ключевые слова тема разлуки
a Ключевые слова тема страсти
a Ключевые слова тема чувств
686 Индексы других классификаций __
2 Код системы rubbks
a Классификационный индекс 84(2=411.2)-5; ст84(2Рос=Рус)-5
702 Вторичная интеллектуальная ответственность _1
a Фамилия Абовская
b Имя С. Н.
4 Код отношения Составитель
4 Код отношения 220
4 Код отношения 340
702 Вторичная интеллектуальная ответственность _1
a Фамилия Жуковский
b Имя В.
4 Код отношения Лирик
4 Код отношения 520
702 Вторичная интеллектуальная ответственность _1
a Фамилия Алябьев
b Имя А.
4 Код отношения Композитор
4 Код отношения 230
702 Вторичная интеллектуальная ответственность _1
a Фамилия Давыдов
b Имя Д.
4 Код отношения Лирик
4 Код отношения 520
702 Вторичная интеллектуальная ответственность _1
a Фамилия Даргомыжский
b Имя А.
4 Код отношения Композитор
4 Код отношения 230
702 Вторичная интеллектуальная ответственность _1
a Фамилия Пушкин
b Имя А. С.
4 Код отношения Лирик
4 Код отношения 520
702 Вторичная интеллектуальная ответственность _1
a Фамилия Римский-Корсаков
b Имя Н.
4 Код отношения Композитор
4 Код отношения 230
702 Вторичная интеллектуальная ответственность _1
a Фамилия Глинка
b Имя М.
4 Код отношения Композитор
4 Код отношения 230
702 Вторичная интеллектуальная ответственность _1
a Фамилия Дитерикс
b Имя Е.
4 Код отношения Лирик
4 Код отношения 520
702 Вторичная интеллектуальная ответственность _1
a Фамилия Борисов
b Имя Б.
4 Код отношения Композитор
4 Код отношения 230
702 Вторичная интеллектуальная ответственность _1
a Фамилия Дельвиг
b Имя А.
4 Код отношения Лирик
4 Код отношения 520
702 Вторичная интеллектуальная ответственность _1
a Фамилия Титов
b Имя Н.
4 Код отношения Композитор
4 Код отношения 230
702 Вторичная интеллектуальная ответственность _1
a Фамилия Катенин
b Имя П.
4 Код отношения Лирик
4 Код отношения 520
702 Вторичная интеллектуальная ответственность _1
a Фамилия Лермонтов
b Имя А.
4 Код отношения Лирик
4 Код отношения 520
702 Вторичная интеллектуальная ответственность _1
a Фамилия Тютчев
b Имя Ф.
4 Код отношения Лирик
4 Код отношения 520
702 Вторичная интеллектуальная ответственность _1
a Фамилия Донауров
b Имя С.
4 Код отношения Композитор
4 Код отношения 230
702 Вторичная интеллектуальная ответственность _1
a Фамилия Рылеев
b Имя К.
4 Код отношения Лирик
4 Код отношения 520
702 Вторичная интеллектуальная ответственность _1
a Фамилия Богданов
b Имя М.
4 Код отношения Композитор
4 Код отношения 230
702 Вторичная интеллектуальная ответственность _1
a Фамилия Долгоруков
b Имя Н.
4 Код отношения Лирик
4 Код отношения 520
702 Вторичная интеллектуальная ответственность _1
a Фамилия Кочубей
b Имя Е.
4 Код отношения Композитор
4 Код отношения 230
702 Вторичная интеллектуальная ответственность _1
a Фамилия Растопчина
b Имя Е.
4 Код отношения Лирик
4 Код отношения 520
702 Вторичная интеллектуальная ответственность _1
a Фамилия Кукольник
b Имя Н.
4 Код отношения Лирик
4 Код отношения 520
702 Вторичная интеллектуальная ответственность _1
a Фамилия Фет
b Имя А.
4 Код отношения Лирик
4 Код отношения 520
702 Вторичная интеллектуальная ответственность _1
a Фамилия Танеев
b Имя С.
4 Код отношения Композитор
4 Код отношения 230
702 Вторичная интеллектуальная ответственность _1
a Фамилия Аренский
b Имя А.
4 Код отношения Композитор
4 Код отношения 230
702 Вторичная интеллектуальная ответственность _1
a Фамилия Рахманинов
b Имя С.
4 Код отношения Композитор
4 Код отношения 230
702 Вторичная интеллектуальная ответственность _1
a Фамилия Чайковский
b Имя П.
4 Код отношения Композитор
4 Код отношения 230
702 Вторичная интеллектуальная ответственность _1
a Фамилия Булахов
b Имя П.
4 Код отношения Композитор
4 Код отношения 230
702 Вторичная интеллектуальная ответственность _1
a Фамилия Варламов
b Имя А.
4 Код отношения Композитор
4 Код отношения 230
702 Вторичная интеллектуальная ответственность _1
a Фамилия Гродзкого
b Имя Б.
4 Код отношения Композитор
4 Код отношения 230
702 Вторичная интеллектуальная ответственность _1
a Фамилия Полонский
b Имя Я.
4 Код отношения Лирик
4 Код отношения 520
702 Вторичная интеллектуальная ответственность _1
a Фамилия Казанли
b Имя Н.
4 Код отношения Композитор
4 Код отношения 230
702 Вторичная интеллектуальная ответственность _1
a Фамилия Жадовский
b Имя Ю.
4 Код отношения Лирик
4 Код отношения 520
702 Вторичная интеллектуальная ответственность _1
a Фамилия Мей
b Имя Л.
4 Код отношения Лирик
4 Код отношения 520
702 Вторичная интеллектуальная ответственность _1
a Фамилия Мусоргский
b Имя М.
4 Код отношения Композитор
4 Код отношения 230
702 Вторичная интеллектуальная ответственность _1
a Фамилия Толстой
b Имя А. К.
4 Код отношения Лирик
4 Код отношения 520
702 Вторичная интеллектуальная ответственность _1
a Фамилия Аренский
b Имя А.
4 Код отношения Композитор
4 Код отношения 230
702 Вторичная интеллектуальная ответственность _1
a Фамилия Рубинштейн
b Имя А.
4 Код отношения Композитор
4 Код отношения 230
702 Вторичная интеллектуальная ответственность _1
a Фамилия Будищев
b Имя А.
4 Код отношения Лирик
4 Код отношения 520
702 Вторичная интеллектуальная ответственность _1
a Фамилия Обухов
b Имя А.
4 Код отношения Композитор
4 Код отношения 230
702 Вторичная интеллектуальная ответственность _1
a Фамилия Мазуркевич
b Имя В.
4 Код отношения Композитор
4 Код отношения 520
702 Вторичная интеллектуальная ответственность _1
a Фамилия Сартинский-Бей
b Имя Д.
4 Код отношения Композитор
4 Код отношения 230
702 Вторичная интеллектуальная ответственность _1
a Фамилия Ибрагимов
b Имя Л.
4 Код отношения Лирик
4 Код отношения 520
702 Вторичная интеллектуальная ответственность _1
a Фамилия Бахметев
b Имя Н.
4 Код отношения Композитор
4 Код отношения 230
702 Вторичная интеллектуальная ответственность _1
a Фамилия Апухтин
b Имя А.
4 Код отношения Лирик
4 Код отношения 520
702 Вторичная интеллектуальная ответственность _1
a Фамилия Вяземский
b Имя П.
4 Код отношения Лирик
4 Код отношения 520
702 Вторичная интеллектуальная ответственность _1
a Фамилия Сабурова
b Имя В.
4 Код отношения Композитор
4 Код отношения 230
702 Вторичная интеллектуальная ответственность _1
a Фамилия Туманский
b Имя В.
4 Код отношения Лирик
4 Код отношения 520
702 Вторичная интеллектуальная ответственность _1
a Фамилия Осипов
b Имя В.
4 Код отношения Композитор
4 Код отношения 230
702 Вторичная интеллектуальная ответственность _1
a Фамилия Риттер
b Имя Н.
4 Код отношения Лирик
4 Код отношения 520
702 Вторичная интеллектуальная ответственность _1
a Фамилия Бакалейников
b Имя Н.
4 Код отношения Композитор
4 Код отношения 230
702 Вторичная интеллектуальная ответственность _1
a Фамилия Гребенки
b Имя Е.
4 Код отношения Лирик
4 Код отношения 520
702 Вторичная интеллектуальная ответственность _1
a Фамилия Ларме
b Имя А.
4 Код отношения Композитор
4 Код отношения 230
702 Вторичная интеллектуальная ответственность _1
a Фамилия Бешенцев
b Имя А.
4 Код отношения Лирик
4 Код отношения 520
702 Вторичная интеллектуальная ответственность _1
a Фамилия Давыдов
b Имя А.
4 Код отношения Композитор
4 Код отношения 230
702 Вторичная интеллектуальная ответственность _1
a Фамилия Кондратьев
b Имя И.
4 Код отношения Лирик
4 Код отношения 520
702 Вторичная интеллектуальная ответственность _1
a Фамилия Дельпрейте
b Имя Е.
4 Код отношения Лирик
4 Код отношения 520
702 Вторичная интеллектуальная ответственность _1
a Фамилия Перфильев
b Имя А.
4 Код отношения Лирик
4 Код отношения 520
702 Вторичная интеллектуальная ответственность _1
a Фамилия Вельтман
b Имя А.
4 Код отношения Лирик
4 Код отношения 520
702 Вторичная интеллектуальная ответственность _1
a Фамилия Варламов
b Имя А.
4 Код отношения Композитор
4 Код отношения 230
702 Вторичная интеллектуальная ответственность _1
a Фамилия Гердель
b Имя С.
4 Код отношения Лирик
4 Код отношения 520
702 Вторичная интеллектуальная ответственность _1
a Фамилия Вальдтейфель
b Имя Э.
4 Код отношения Композитор
4 Код отношения 230
702 Вторичная интеллектуальная ответственность _1
a Фамилия Гузинов
b Имя И.
4 Код отношения Лирик
4 Код отношения 520
702 Вторичная интеллектуальная ответственность _1
a Фамилия Добролюбов
b Имя Н.
4 Код отношения Лирик
4 Код отношения 520
702 Вторичная интеллектуальная ответственность _1
a Фамилия Булахов
b Имя П.
4 Код отношения Композитор
4 Код отношения 230
702 Вторичная интеллектуальная ответственность _1
a Фамилия Дюбюк
b Имя А.
4 Код отношения Лирик
4 Код отношения 520
4 Код отношения 230
702 Вторичная интеллектуальная ответственность _1
a Фамилия Чуевский
b Имя В.
4 Код отношения Лирик
4 Код отношения 520
702 Вторичная интеллектуальная ответственность _1
a Фамилия Пойгин
b Имя М.
4 Код отношения Лирик
4 Код отношения 520
702 Вторичная интеллектуальная ответственность _1
a Фамилия Зубов
b Имя Н.
4 Код отношения Композитор
4 Код отношения 230
702 Вторичная интеллектуальная ответственность _1
a Фамилия Ленский
b Имя Н.
4 Код отношения Лирик
4 Код отношения 520
702 Вторичная интеллектуальная ответственность _1
a Фамилия Пеньковский
b Имя Л.
4 Код отношения Лирик
4 Код отношения 520
702 Вторичная интеллектуальная ответственность _1
a Фамилия Прозоровский
b Имя Б.
4 Код отношения Композитор
4 Код отношения 230
702 Вторичная интеллектуальная ответственность _1
a Фамилия Жадейко
b Имя Л.
4 Код отношения Лирик
4 Код отношения 520
702 Вторичная интеллектуальная ответственность _1
a Фамилия Булахов
b Имя П.
4 Код отношения Композитор
4 Код отношения 230
702 Вторичная интеллектуальная ответственность _1
a Фамилия Герман
b Имя П.
4 Код отношения Лирик
4 Код отношения 520
702 Вторичная интеллектуальная ответственность _1
a Фамилия Фомин
b Имя Б.
4 Код отношения Композитор
4 Код отношения 230
702 Вторичная интеллектуальная ответственность _1
a Фамилия Ядов
b Имя Я.
4 Код отношения Лирик
4 Код отношения 520
702 Вторичная интеллектуальная ответственность _1
a Фамилия Козин
b Имя В.
4 Код отношения Композитор
4 Код отношения 230
702 Вторичная интеллектуальная ответственность _1
a Фамилия Венгерский
b Имя Н.
4 Код отношения Лирик
4 Код отношения 520
702 Вторичная интеллектуальная ответственность _1
a Фамилия Розенфельд
b Имя Е.
4 Код отношения Композитор
4 Код отношения 230
702 Вторичная интеллектуальная ответственность _1
a Фамилия Лишин
b Имя Г.
4 Код отношения Лирик
4 Код отношения 520
702 Вторичная интеллектуальная ответственность _1
a Фамилия Малашкин
b Имя Л.
4 Код отношения Композитор
4 Код отношения 230
702 Вторичная интеллектуальная ответственность _1
a Фамилия Пойгин
b Имя М.
4 Код отношения Лирик
4 Код отношения 520
702 Вторичная интеллектуальная ответственность _1
a Фамилия Зубов
b Имя Н.
4 Код отношения Композитор
4 Код отношения 230
702 Вторичная интеллектуальная ответственность _1
a Фамилия Бещенцов
b Имя А.
4 Код отношения Лирик
4 Код отношения 520
702 Вторичная интеллектуальная ответственность _1
a Фамилия Гурилев
b Имя А.
4 Код отношения Композитор
4 Код отношения 230
702 Вторичная интеллектуальная ответственность _1
a Фамилия Верещагин
b Имя В.
4 Код отношения Лирик
4 Код отношения 520
702 Вторичная интеллектуальная ответственность _1
a Фамилия Дризо
b Имя Л.
4 Код отношения Композитор
4 Код отношения 230
702 Вторичная интеллектуальная ответственность _1
a Фамилия Титов
b Имя Н.
4 Код отношения Композитор
4 Код отношения 230
702 Вторичная интеллектуальная ответственность _1
a Фамилия Цветаева
b Имя М.
4 Код отношения Лирик
4 Код отношения 520
702 Вторичная интеллектуальная ответственность _1
a Фамилия Таривердиев
b Имя М.
4 Код отношения Композитор
4 Код отношения 230
702 Вторичная интеллектуальная ответственность _1
a Фамилия Пашков
b Имя Н.
4 Код отношения Лирик
4 Код отношения 520
4 Код отношения 230
702 Вторичная интеллектуальная ответственность _1
a Фамилия Петров
b Имя А.
4 Код отношения Композитор
4 Код отношения 230
702 Вторичная интеллектуальная ответственность _1
a Фамилия Батюшков
b Имя К.
4 Код отношения Лирик
4 Код отношения 520
702 Вторичная интеллектуальная ответственность _1
a Фамилия Виельгорский
b Имя М.
4 Код отношения Композитор
4 Код отношения 230
702 Вторичная интеллектуальная ответственность _1
a Фамилия Булахов
b Имя П.
4 Код отношения Композитор
4 Код отношения 230
702 Вторичная интеллектуальная ответственность _1
a Фамилия Шпарварта
b Имя А.
4 Код отношения Композитор
4 Код отношения 230
702 Вторичная интеллектуальная ответственность _1
a Фамилия Кюи
b Имя Ц.
4 Код отношения Композитор
4 Код отношения 230
702 Вторичная интеллектуальная ответственность _1
a Фамилия Верстовский
b Имя А.
4 Код отношения Композитор
4 Код отношения 230
702 Вторичная интеллектуальная ответственность _1
a Фамилия Орцеви
b Имя М.
4 Код отношения Композитор
4 Код отношения 230
702 Вторичная интеллектуальная ответственность _1
a Фамилия Кольцов
b Имя А.
4 Код отношения Лирик
4 Код отношения 520
702 Вторичная интеллектуальная ответственность _1
a Фамилия Козлов
b Имя П.
4 Код отношения Лирик
4 Код отношения 520
702 Вторичная интеллектуальная ответственность _1
a Фамилия Оппель
b Имя А.
4 Код отношения Композитор
4 Код отношения 230
702 Вторичная интеллектуальная ответственность _1
a Фамилия Барон
b Имя Б.
4 Код отношения Композитор
4 Код отношения 230
702 Вторичная интеллектуальная ответственность _1
a Фамилия Варламов
b Имя А.
4 Код отношения Композитор
4 Код отношения 230
702 Вторичная интеллектуальная ответственность _1
a Фамилия Балакирев
b Имя М.
4 Код отношения Композитор
4 Код отношения 230
702 Вторичная интеллектуальная ответственность _1
a Фамилия Стромилов
b Имя С.
4 Код отношения Лирик
4 Код отношения 520
702 Вторичная интеллектуальная ответственность _1
a Фамилия Сафонов
b Имя С.
4 Код отношения Лирик
4 Код отношения 520
702 Вторичная интеллектуальная ответственность _1
a Фамилия Юнкельсон
b Имя Е.
4 Код отношения Композитор
4 Код отношения 230
702 Вторичная интеллектуальная ответственность _1
a Фамилия Пугачев
b Имя А.
4 Код отношения Лирик
4 Код отношения 520
702 Вторичная интеллектуальная ответственность _1
a Фамилия Шумской
b Имя В.
4 Код отношения Лирик
4 Код отношения 520
702 Вторичная интеллектуальная ответственность _1
a Фамилия Штейнберг
b Имя М.
4 Код отношения Композитор
4 Код отношения 230
702 Вторичная интеллектуальная ответственность _1
a Фамилия Харито
b Имя Н.
4 Код отношения Композитор
4 Код отношения 230
702 Вторичная интеллектуальная ответственность _1
a Фамилия Касаткин
b Имя С.
4 Код отношения Лирик
4 Код отношения 520
702 Вторичная интеллектуальная ответственность _1
a Фамилия Осенин
b Имя О.
4 Код отношения Лирик
4 Код отношения 520
702 Вторичная интеллектуальная ответственность _1
a Фамилия Перроте
b Имя М.
4 Код отношения Лирик
4 Код отношения 520
4 Код отношения 230
702 Вторичная интеллектуальная ответственность _1
a Фамилия Листов
b Имя Н.
4 Код отношения Лирик
4 Код отношения 520
4 Код отношения 230
702 Вторичная интеллектуальная ответственность _1
a Фамилия Борисов
b Имя Б.
4 Код отношения Лирик
4 Код отношения 520
4 Код отношения 230
702 Вторичная интеллектуальная ответственность _1
a Фамилия Сурин
b Имя А.
4 Код отношения Лирик
4 Код отношения 520
702 Вторичная интеллектуальная ответственность _1
a Фамилия Кейль
b Имя Б.
4 Код отношения Композитор
4 Код отношения 230
702 Вторичная интеллектуальная ответственность _1
a Фамилия Гальперин
b Имя М.
4 Код отношения Лирик
4 Код отношения 520
702 Вторичная интеллектуальная ответственность _1
a Фамилия Волошин
b Имя А.
4 Код отношения Композитор
4 Код отношения 230
702 Вторичная интеллектуальная ответственность _1
a Фамилия Михайлов
b Имя Д. Т.
4 Код отношения Композитор
4 Код отношения 230
702 Вторичная интеллектуальная ответственность _1
a Фамилия Блок
b Имя А.
4 Код отношения Лирик
4 Код отношения 520
702 Вторичная интеллектуальная ответственность _1
a Фамилия Вертинский
b Имя А.
4 Код отношения Композитор
4 Код отношения 230
702 Вторичная интеллектуальная ответственность _1
a Фамилия Таривердиев
b Имя М.
4 Код отношения Композитор
4 Код отношения 230
702 Вторичная интеллектуальная ответственность _1
a Фамилия Раевский
b Имя Д.
4 Код отношения Лирик
4 Код отношения 520
702 Вторичная интеллектуальная ответственность _1
a Фамилия Танеев
b Имя С.
4 Код отношения Композитор
4 Код отношения 230
702 Вторичная интеллектуальная ответственность _1
a Фамилия Климовской
b Имя Е.
4 Код отношения Композитор
4 Код отношения 230
702 Вторичная интеллектуальная ответственность _1
a Фамилия Соколов
b Имя Н.
4 Код отношения Лирик
4 Код отношения 520
702 Вторичная интеллектуальная ответственность _1
a Фамилия Беранже
b Имя П.
4 Код отношения Лирик
4 Код отношения 520
702 Вторичная интеллектуальная ответственность _1
a Фамилия Аммосов
b Имя А.
4 Код отношения Лирик
4 Код отношения 520
702 Вторичная интеллектуальная ответственность _1
a Фамилия Агренева-Славянская
b Имя О.
4 Код отношения Композитор
4 Код отношения 230
702 Вторичная интеллектуальная ответственность _1
a Фамилия Плещеев
b Имя А.
4 Код отношения Лирик
4 Код отношения 520
702 Вторичная интеллектуальная ответственность _1
a Фамилия Мусоргский
b Имя М.
4 Код отношения Композитор
4 Код отношения 230
702 Вторичная интеллектуальная ответственность _1
a Фамилия Миллер
b Имя Ф.
4 Код отношения Лирик
4 Код отношения 520
702 Вторичная интеллектуальная ответственность _1
a Фамилия Френкель
b Имя А.
4 Код отношения Лирик
4 Код отношения 520
702 Вторичная интеллектуальная ответственность _1
a Фамилия Баторин
b Имя П.
4 Код отношения Лирик
4 Код отношения 520
702 Вторичная интеллектуальная ответственность _1
a Фамилия Есенин
b Имя С.
4 Код отношения Лирик
4 Код отношения 520
702 Вторичная интеллектуальная ответственность _1
a Фамилия Пономаренко
b Имя Г.
4 Код отношения Композитор
4 Код отношения 230
702 Вторичная интеллектуальная ответственность _1
a Фамилия Вяземский
b Имя П.
4 Код отношения Лирик
4 Код отношения 520
702 Вторичная интеллектуальная ответственность _1
a Фамилия Липатов
b Имя В.
4 Код отношения Композитор
4 Код отношения 230
702 Вторичная интеллектуальная ответственность _1
a Фамилия Пригожев
b Имя Я.
4 Код отношения Композитор
4 Код отношения 230
702 Вторичная интеллектуальная ответственность _1
a Фамилия Анордист
b Имя Н.
4 Код отношения Лирик
4 Код отношения 520
702 Вторичная интеллектуальная ответственность _1
a Фамилия Лядов
b Имя К.
4 Код отношения Композитор
4 Код отношения 230
702 Вторичная интеллектуальная ответственность _1
a Фамилия Подревский
b Имя К.
4 Код отношения Лирик
4 Код отношения 520
702 Вторичная интеллектуальная ответственность _1
a Фамилия Тургенев
b Имя И.
4 Код отношения Лирик
4 Код отношения 520
702 Вторичная интеллектуальная ответственность _1
a Фамилия Абаз
b Имя В.
4 Код отношения Композитор
4 Код отношения 230
702 Вторичная интеллектуальная ответственность _1
a Фамилия Васильев
b Имя И.
4 Код отношения Композитор
4 Код отношения 230
702 Вторичная интеллектуальная ответственность _1
a Фамилия Пуаре
b Имя М.
4 Код отношения Лирик
4 Код отношения 520
4 Код отношения 230
702 Вторичная интеллектуальная ответственность _1
a Фамилия Фельдман
b Имя Я.
4 Код отношения Композитор
4 Код отношения 230
702 Вторичная интеллектуальная ответственность _1
a Фамилия Кусиков
b Имя А.
4 Код отношения Композитор
4 Код отношения 230
702 Вторичная интеллектуальная ответственность _1
a Фамилия Бакалейников
b Имя В.
4 Код отношения Лирик
4 Код отношения 520
702 Вторичная интеллектуальная ответственность _1
a Фамилия Юрьев
b Имя Е.
4 Код отношения Лирик
4 Код отношения 520
4 Код отношения 230
702 Вторичная интеллектуальная ответственность _1
a Фамилия Черепнин
b Имя Н.
4 Код отношения Композитор
4 Код отношения 230
702 Вторичная интеллектуальная ответственность _1
a Фамилия Греков
b Имя Н.
4 Код отношения Лирик
4 Код отношения 520
702 Вторичная интеллектуальная ответственность _1
a Фамилия Гурилев
b Имя А.
4 Код отношения Композитор
4 Код отношения 230
702 Вторичная интеллектуальная ответственность _1
a Фамилия Никитин
b Имя И.
4 Код отношения Лирик
4 Код отношения 520
702 Вторичная интеллектуальная ответственность _1
a Фамилия Вильбоа
b Имя К.
4 Код отношения Композитор
4 Код отношения 230
702 Вторичная интеллектуальная ответственность _1
a Фамилия Суриков
b Имя И.
4 Код отношения Лирик
4 Код отношения 520
801 Источник записи _0
a Страна ru
b Организация Муниципальное бюджетное учреждение культуры "Централизованная библиотечная система" г. Сургут (Центральная городская библиотека им. А. С. Пушкина)
c Дата составления 20141008
g Правила каталогизации КиК/Апакова
801 Источник записи _1
a Страна ru
b Организация Муниципальное бюджетное учреждение культуры "Централизованная библиотечная система" г. Сургут (Центральная городская библиотека им. А. С. Пушкина)
c Дата составления 20141008
g Правила каталогизации КиК/Апакова
852 Данные о местонахождении __
j Шифр хранения 84(2=411.2)-5
i Авторский знак Р 89
901 Тип документа 1_
t Тип документа x
903 Характеристики (МАРС) __
a Дата передачи 20141008
969 Тип издания __
a Тип издания сборник
990 Данные о заказе (DOS) __
j Количество экземпляров (DOS) 11
t N записи в КСУ для И/У (DOS) 201410